Temas de derecho civil, persona y patrimonio (Registro nro. 3453)

Detalles MARC
000 -LEADER
fixed length control field 01951 a2200229 4500
001 - CONTROL NUMBER
control field 41309
005 - DATE AND TIME OF LATEST TRANSACTION
control field 20260407155707.0
008 - FIXED-LENGTH DATA ELEMENTS--GENERAL INFORMATION
fixed length control field 260407a2015 arg spa d
003 - CONTROL NUMBER IDENTIFIER
control field AR-UNSa-BCEJYS
040 ## - CATALOGING SOURCE
Original cataloging agency AR-UNSa-BCEJYS
Language of cataloging spa
Transcribing agency AR-UNSa-BCEJYS
080 ## - UNIVERSAL DECIMAL CLASSIFICATION NUMBER
Universal Decimal Classification number 347.1/7(094.4)
Common auxiliary subdivision Código Civil y Comercial
041 ## - LANGUAGE CODE
Language code of text/sound track or separate title spa
100 1# - MAIN ENTRY--PERSONAL NAME
Personal name Humphreys, Ethel
245 10 - TITLE STATEMENT
Title Temas de derecho civil, persona y patrimonio
Name of part/section of a work Derechos reales
264 #1 - PRODUCTION, PUBLICATION, DISTRIBUTION, MANUFACTURE, AND COPYRIGHT NOTICE
Place of production, publication, distribution, manufacture Buenos Aires :
Name of producer, publisher, distributor, manufacturer Erreius
Date of production, publication, distribution, manufacture, or copyright notice 2015
300 ## - PHYSICAL DESCRIPTION
Extent 108 p.
Dimensions 26 cm.
505 ## - FORMATTED CONTENTS NOTE
Formatted contents note 1. Una mirada fiscal acerca del derecho real de superficie / Daniel Barbato - 2. Los derechos reales de uso y abilitación bajo la lupa de la ley 26944 / Rocío Bintureira - 3. Dominio imperfecto / Romina G. de Lara - 4. Los derechos reales de garantía en el derecho nacional vigente / Miryam A. Farina - 5. El régimen legal de los bienes muebles en el nuevo Código Civil y Comercial / María A. Galatro - 6. El tiempo compartido a la luz del Código Civil y Comercial / Ethel Humphreys y Edgardo - 7. El acceso a la tierra, piedra angular del derecho indígena / Verónica Kozak y Gustavo J. Valdes - 8. Conjuntos inmobiliarios / Andrés Mastronardi - 9. Consideraciones críticas en torno al derecho real de superficie en el Código unificado / Adriana S. Morón - 10. Efectos de las relaciones de poder en el Código Civil y Comercial de la Nación / Leandro S. Picado y Fabián M. Loiza - 11. Principales innovaciones del Código Civil y Comercial de la Nación en materia de propiedad horizontal / Daiana Siciliano - 12. Los clubes de campo y su adecuación al derecho real como conjunto inmobiliario / Eduardo R. Romanello - 13. Las prohibiciones legales en materia de propiedad horizontal / Virginia M. Rodríguez Alonso
590 ## - LOCAL NOTE (RLIN)
Local note niveau_biblio:m niveau_hierar:0
700 1# - ADDED ENTRY--PERSONAL NAME
Personal name Clerc, Carlos M.
856 41 - ELECTRONIC LOCATION AND ACCESS
Uniform Resource Identifier <a href="https://biblioeco.unsa.edu.ar/pmb/images/libros/E00023.jpg">https://biblioeco.unsa.edu.ar/pmb/images/libros/E00023.jpg</a>
Link text Imagen de portada
Electronic format type image/jpeg
942 ## - ADDED ENTRY ELEMENTS (KOHA)
Koha item type
Existencias
Withdrawn status Lost status Damaged status Not for loan Home library Current library Shelving location Date acquired Total checkouts Full call number Barcode Date last seen Price effective from Koha item type
        Biblioteca Prof. Eusebio Cleto del Rey Biblioteca Prof. Eusebio Cleto del Rey   07/04/2026   E347.1/7(094.4) C629/ER v.1 E00023 07/04/2026 07/04/2026 Libro
        Biblioteca Prof. Eusebio Cleto del Rey Biblioteca Prof. Eusebio Cleto del Rey   07/04/2026   E347.1/7(094.4) C629/ER v.2 E00024 07/04/2026 07/04/2026 Libro